[Event "2. Bundesliga Ost 2018/2019"]
[Site "alle Wien"]
[Date "2018.12.01"]
[Round "5"]
[Board "5"]
[White "Bawart, Markus"]
[Black "Steindl, Johannes"]
[Result "1/2-1/2"]
[WhiteElo "2367"]
[BlackElo "2215"]
[PlyCount "60"]
[EventDate "2018.10.06"]
[EventType "team"]
[EventRounds "11"]
[EventCountry "AUT"]
[WhiteTeam "SG Mistelbach/Altlichtenwarth"]
[BlackTeam "mpimmo Wien - SK Ottakring"]

1. Nf3 Nf6 2. c4 e6 3. e3 d5 4. d4 a6 5. Nbd2 c5 6. cxd5 exd5 7. dxc5 Bxc5 8.
Nb3 Bd6 9. Be2 O-O 10. O-O Nc6 11. Nbd4 Bg4 12. Nxc6 bxc6 13. h3 Bh5 14. Nd4
Bxe2 15. Qxe2 Re8 16. b4 Qb6 17. Qc2 Be5 18. Rb1 Bxd4 19. exd4 Qxd4 20. Qxc6
Rec8 21. Qa4 a5 22. Bb2 Qf4 23. Bxf6 axb4 24. Qd1 Qxf6 25. Qxd5 Rd8 26. Qc4 Qc3
27. Qxb4 Qxb4 28. Rxb4 Rxa2 29. Rf4 Rad2 30. g3 g6  1/2-1/2

[Event "2. Bundesliga Ost 2018/2019"]
[Site "alle Wien"]
[Date "2018.12.01"]
[Round "5"]
[Board "6"]
[White "Peyrer, Konstantin"]
[Black "Vrana, Frantisek"]
[Result "0-1"]
[WhiteElo "2149"]
[BlackElo "2252"]
[PlyCount "70"]
[EventDate "2018.10.06"]
[EventType "team"]
[EventRounds "11"]
[EventCountry "AUT"]
[WhiteTeam "mpimmo Wien - SK Ottakring"]
[BlackTeam "SG Mistelbach/Altlichtenwarth"]

1. e4 e6 2. Nf3 d5 3. Nc3 Nf6 4. e5 Nfd7 5. d4 c5 6. dxc5 Bxc5 7. Bd3 Nc6 8.
Qe2 Nd4 9. Nxd4 Bxd4 10. Bf4 Qa5 11. O-O Bxc3 12. bxc3 Qxc3 13. Rab1 Qd4 14.
Qf3 Nxe5 15. Bb5+ Nc6 16. Qg3 h5 17. Rfd1 h4 18. Qg4 Qf6 19. Bd6 h3 20. Bxc6+
bxc6 21. Qa4 Bd7 22. Rb7 Qg6 23. g3 e5 24. Ba3 Qe6 25. Rdb1 f6 26. Qa6 d4 27.
Qa5 Kf7 28. f4 Rhe8 29. c3 exf4 30. Qh5+ Kg8 31. Qf3 c5 32. Rc7 Rab8 33. Rf1
Bb5 34. c4 Bxc4 35. Rc1 Qe1+  0-1

[Event "2. Bundesliga Ost 2018/2019"]
[Site "alle Wien"]
[Date "2019.01.12"]
[Round "6"]
[Board "1"]
[White "Horvath, Dominik"]
[Black "Blohberger, Felix"]
[Result "1/2-1/2"]
[WhiteElo "2447"]
[BlackElo "2433"]
[PlyCount "61"]
[EventDate "2018.10.06"]
[EventType "team"]
[EventRounds "11"]
[EventCountry "AUT"]
[WhiteTeam "ASVOE Pamhagen"]
[BlackTeam "mpimmo Wien - SK Ottakring"]

1. c4 e6 2. g3 d5 3. Bg2 Nf6 4. Nf3 dxc4 5. O-O a6 6. Qc2 Bd6 7. Qxc4 b5 8. Qc2
Bb7 9. a4 Nbd7 10. Nc3 Qb8 11. d3 O-O 12. Bd2 c5 13. axb5 axb5 14. Rxa8 Bxa8
15. Qb3 Bc6 16. Nh4 c4 17. dxc4 Bxg2 18. Nxg2 bxc4 19. Qxc4 Qxb2 20. Bf4 Bxf4
21. Nxf4 h6 22. Rb1 Qa3 23. Ne4 Nxe4 24. Qxe4 Nf6 25. Qc4 Qa8 26. Rc1 Qa5 27.
Qc7 Qd2 28. Qc2 Qxc2 29. Rxc2 Rd8 30. Nd3 g5 31. Rc7  1/2-1/2

[Event "2. Bundesliga Ost 2018/2019"]
[Site "alle Wien"]
[Date "2019.01.12"]
[Round "6"]
[Board "2"]
[White "Stohl, Igor"]
[Black "Lipka, Juraj"]
[Result "1-0"]
[WhiteElo "2500"]
[BlackElo "2426"]
[PlyCount "113"]
[EventDate "2018.10.06"]
[EventType "team"]
[EventRounds "11"]
[EventCountry "AUT"]
[WhiteTeam "mpimmo Wien - SK Ottakring"]
[BlackTeam "ASVOE Pamhagen"]

1. d4 d5 2. c4 c6 3. Nf3 Nf6 4. e3 Bg4 5. h3 Bf5 6. g4 Bg6 7. Ne5 e6 8. Nd2
Nfd7 9. Nxg6 hxg6 10. Bg2 Na6 11. O-O Be7 12. e4 dxe4 13. Nxe4 O-O 14. d5 cxd5
15. cxd5 exd5 16. Qxd5 Ndc5 17. Nxc5 Qxd5 18. Bxd5 Nxc5 19. Be3 Rac8 20. Rfd1
b6 21. b4 Na4 22. Bb3 Nc3 23. Rd7 Bxb4 24. Rxa7 Ba5 25. Kg2 Rcd8 26. Rc1 Nb5
27. Re7 Nd4 28. Bxd4 Rxd4 29. Rcc7 Rf4 30. g5 Bb4 31. Red7 Bc5 32. f3 Be3 33.
Re7 Bc5 34. Red7 Be3 35. Rb7 Bd4 36. Kg3 Be5 37. Kg2 Bd4 38. Bd5 Kh7 39. Be4
Be5 40. Rxb6 Rc8 41. a4 f5 42. gxf6 Rxf6 43. Rxf6 Bxf6 44. a5 Rd8 45. Rxd8 Bxd8
46. a6 Bb6 47. Kg3 Be3 48. Kg2 Kh6 49. Kf1 Kg5 50. Ke2 Bg1 51. Kd3 Kf4 52. Kc4
Kg3 53. Kd5 g5 54. Kc6 g6 55. Kb7 Kxh3 56. Bxg6 g4 57. Bf5  1-0

[Event "2. Bundesliga Ost 2018/2019"]
[Site "alle Wien"]
[Date "2019.01.12"]
[Round "6"]
[Board "3"]
[White "Alvir, Aco"]
[Black "Neubauer, Martin"]
[Result "1/2-1/2"]
[WhiteElo "2303"]
[BlackElo "2428"]
[PlyCount "62"]
[EventDate "2018.10.06"]
[EventType "team"]
[EventRounds "11"]
[EventCountry "AUT"]
[WhiteTeam "ASVOE Pamhagen"]
[BlackTeam "mpimmo Wien - SK Ottakring"]

1. e4 e6 2. d4 d5 3. exd5 exd5 4. Bd3 c5 5. dxc5 Bxc5 6. Nf3 Qe7+ 7. Be2 Nf6 8.
O-O Nc6 9. Bg5 Be6 10. Nbd2 h6 11. Bh4 g5 12. Bg3 Nh5 13. Nb3 Nxg3 14. hxg3 Bb6
15. Nfd4 O-O 16. c3 Qf6 17. a4 a5 18. Bb5 Rac8 19. Qd2 Nxd4 20. Nxd4 Bxd4 21.
cxd4 b6 22. Rac1 Rxc1 23. Rxc1 Rc8 24. Rxc8+ Bxc8 25. b4 axb4 26. Qxb4 Kg7 27.
Qc3 Bf5 28. f3 Qd6 29. Kf2 Bd7 30. g4 Bxb5 31. axb5 Qf6  1/2-1/2

[Event "2. Bundesliga Ost 2018/2019"]
[Site "alle Wien"]
[Date "2019.01.12"]
[Round "6"]
[Board "4"]
[White "Steiner, Adam"]
[Black "Franzen, Jozef"]
[Result "1-0"]
[WhiteElo "2219"]
[BlackElo "2256"]
[PlyCount "77"]
[EventDate "2018.10.06"]
[EventType "team"]
[EventRounds "11"]
[EventCountry "AUT"]
[WhiteTeam "mpimmo Wien - SK Ottakring"]
[BlackTeam "ASVOE Pamhagen"]

1. e4 g6 2. d4 Bg7 3. Nc3 d6 4. Nf3 c6 5. Be3 Nf6 6. Qd2 Ng4 7. Bg5 h6 8. Bh4
Qa5 9. Bxe7 Qc7 10. Bh4 Nd7 11. Bg3 O-O 12. a4 Re8 13. Bd3 Nf8 14. O-O Qd8 15.
Rfe1 Ne6 16. h3 Nf6 17. e5 Nh5 18. Bh2 dxe5 19. dxe5 g5 20. Ne4 Nef4 21. Nd6
Re7 22. Nxf7 Qd5 23. Nd6 Nxh3+ 24. Kf1 Be6 25. c4 Qc5 26. b4 Qb6 27. c5 Qc7 28.
gxh3 Bxh3+ 29. Kg1 Rf8 30. Bc4+ Kh8 31. Ra3 Bg4 32. Nxg5 hxg5 33. Qxg5 Nf6 34.
exf6 Rxe1+ 35. Kg2 Rxf6 36. Nf7+ Qxf7 37. Bxf7 Bf5 38. Qh4+ Rh6 39. Qd8+  1-0

[Event "2. Bundesliga Ost 2018/2019"]
[Site "alle Wien"]
[Date "2019.01.12"]
[Round "6"]
[Board "5"]
[White "Kuthan, Andreas"]
[Black "Steindl, Johannes"]
[Result "0-1"]
[WhiteElo "2186"]
[BlackElo "2215"]
[PlyCount "74"]
[EventDate "2018.10.06"]
[EventType "team"]
[EventRounds "11"]
[EventCountry "AUT"]
[WhiteTeam "ASVOE Pamhagen"]
[BlackTeam "mpimmo Wien - SK Ottakring"]

1. e4 e5 2. Nf3 Nc6 3. Bb5 a6 4. Ba4 Nge7 5. O-O g6 6. c3 Bg7 7. d4 exd4 8.
cxd4 b5 9. Bc2 d6 10. a4 Bg4 11. d5 Nd4 12. Nbd2 O-O 13. Bd3 c5 14. h3 Bd7 15.
Nxd4 Bxd4 16. Nf3 Bg7 17. Qe2 bxa4 18. Bxa6 Re8 19. Bc4 Qb6 20. Ra2 h6 21. e5
Qb7 22. e6 fxe6 23. dxe6 Bc6 24. Nh4 Rf8 25. Nxg6 Nxg6 26. e7+ Rf7 27. Bxf7+
Kxf7 28. Re1 Be5 29. f4 Bd4+ 30. Kh2 Nxe7 31. Qe6+ Ke8 32. Qg8+ Kd7 33. Qe6+
Ke8 34. Qg8+ Kd7 35. Qe6+ Ke8 36. Qxd6 Be4 37. Be3 Ra6  0-1

[Event "2. Bundesliga Ost 2018/2019"]
[Site "alle Wien"]
[Date "2019.01.12"]
[Round "6"]
[Board "6"]
[White "Bauer, Thomas"]
[Black "Prinzjakowitsch, Bernhard"]
[Result "1-0"]
[WhiteElo "2244"]
[BlackElo "2117"]
[PlyCount "85"]
[EventDate "2018.10.06"]
[EventType "team"]
[EventRounds "11"]
[EventCountry "AUT"]
[WhiteTeam "mpimmo Wien - SK Ottakring"]
[BlackTeam "ASVOE Pamhagen"]

1. e4 c5 2. Nf3 d6 3. Bb5+ Bd7 4. a4 Nc6 5. O-O a6 6. Bc4 e6 7. Re1 Nf6 8. c3
Be7 9. d4 O-O 10. e5 dxe5 11. dxe5 Ne8 12. Bf4 Qc7 13. Nbd2 Rd8 14. Qc2 Na5 15.
Bg5 Bc6 16. Bd3 h6 17. Bf4 c4 18. Bh7+ Kh8 19. Nd4 Bd5 20. Re3 Bc5 21. Rh3 Nc6
22. Nxc6 Bxc6 23. Nxc4 f5 24. Bg6 Nf6 25. b4 Be4 26. Qe2 Ba7 27. Nd6 Rxd6 28.
exd6 Qd7 29. Rd1 Ng4 30. Be3 Nxe3 31. fxe3 Rf6 32. Qh5 Bc6 33. b5 axb5 34. axb5
Bd5 35. Ra1 Bb8 36. Ra8 Qxd6 37. Qg5 Qe5 38. Rxh6+ Kg8 39. Rh8+ Kxh8 40. Qh5+
Kg8 41. Qh7+ Kf8 42. Qh8+ Ke7 43. Qe8+  1-0

[Event "2. Bundesliga Ost 2018/2019"]
[Site "alle Wien"]
[Date "2019.01.12"]
[Round "6"]
[Board "1"]
[White "Baumegger, Siegfried"]
[Black "Mikes, Jan"]
[Result "0-1"]
[WhiteElo "2446"]
[BlackElo "2307"]
[PlyCount "74"]
[EventDate "2018.10.06"]
[EventType "team"]
[EventRounds "11"]
[EventCountry "AUT"]
[WhiteTeam "tschaturanga"]
[BlackTeam "SG Mistelbach/Altlichtenwarth"]

1. e4 c5 2. Nf3 d6 3. d4 cxd4 4. Nxd4 Nf6 5. Nc3 a6 6. Bc4 e6 7. Bb3 b5 8. O-O
Be7 9. Qf3 Qb6 10. Be3 Qb7 11. Qg3 O-O 12. Bh6 Ne8 13. Rad1 Bd7 14. Rfe1 b4 15.
Nce2 a5 16. Nf4 Kh8 17. Bg5 Bf6 18. Nh5 Be5 19. Qh4 f6 20. Be3 g5 21. Bxg5 fxg5
22. Qxg5 Nc6 23. Nxe6 Bxe6 24. Bxe6 Qe7 25. Qxe7 Nxe7 26. b3 Nc6 27. Bc4 Bc3
28. Re3 Bd4 29. Re2 Bc5 30. Bd5 Rc8 31. Bxc6 Rxc6 32. g3 Nc7 33. Nf4 Re8 34.
Nd3 Nb5 35. Rc1 Nc3 36. Ree1 Bd4 37. Kg2 Nxa2  0-1

[Event "2. Bundesliga Ost 2018/2019"]
[Site "alle Wien"]
[Date "2019.01.12"]
[Round "6"]
[Board "2"]
[White "Hofmann, Thomas"]
[Black "Sadilek, Peter"]
[Result "1-0"]
[WhiteElo "2262"]
[BlackElo "2291"]
[PlyCount "65"]
[EventDate "2018.10.06"]
[EventType "team"]
[EventRounds "11"]
[EventCountry "AUT"]
[WhiteTeam "SG Mistelbach/Altlichtenwarth"]
[BlackTeam "tschaturanga"]

1. d4 Nf6 2. c4 g6 3. Nc3 Bg7 4. e4 O-O 5. Be2 d6 6. Be3 Na6 7. g4 c5 8. d5 e6
9. f3 exd5 10. cxd5 h5 11. g5 Nh7 12. h4 f6 13. gxf6 Bxf6 14. Nh3 Bxh4+ 15. Kd2
Bxh3 16. Rxh3 Bg5 17. Qg1 Bxe3+ 18. Qxe3 Qf6 19. Rg1 Kh8 20. f4 Rae8 21. f5
gxf5 22. Bxh5 f4 23. Qf2 Re7 24. Bg6 Rg7 25. Rh6 Rff7 26. a3 f3 27. Kc2 Qd4 28.
Qh2 f2 29. Rf1 c4 30. Qh3 Re7 31. Rh1 Rxg6 32. Rxh7+ Kg8 33. Qc8+  1-0

[Event "2. Bundesliga Ost 2018/2019"]
[Site "alle Wien"]
[Date "2019.01.12"]
[Round "6"]
[Board "3"]
[White "Sadilek, Maximilian"]
[Black "Groetz, Harald"]
[Result "1-0"]
[WhiteElo "2245"]
[BlackElo "2339"]
[PlyCount "87"]
[EventDate "2018.10.06"]
[EventType "team"]
[EventRounds "11"]
[EventCountry "AUT"]
[WhiteTeam "tschaturanga"]
[BlackTeam "SG Mistelbach/Altlichtenwarth"]

1. e4 c5 2. Nf3 d6 3. Bb5+ Bd7 4. Bxd7+ Nxd7 5. O-O Ngf6 6. Re1 g6 7. c3 Bg7 8.
d4 e5 9. dxe5 dxe5 10. Na3 O-O 11. Bg5 h6 12. Bh4 Qc7 13. Nc4 b5 14. Bxf6 Bxf6
15. Ne3 Nb6 16. Qe2 c4 17. Rad1 Rad8 18. h4 h5 19. Nd5 Nxd5 20. exd5 Rfe8 21.
Qe4 Qc5 22. Rd2 Bg7 23. Red1 f5 24. Qe2 Bh6 25. Ng5 Bxg5 26. hxg5 Rd6 27. g3 e4
28. Rd4 Re5 29. Qd2 Qc7 30. b3 cxb3 31. axb3 Qd8 32. Qf4 Qe7 33. Qe3 Qf7 34. c4
Rd7 35. Qf4 Qe7 36. d6 Qe6 37. Rd5 Rxd5 38. Rxd5 bxc4 39. bxc4 a5 40. Qd2 a4
41. c5 a3 42. c6 a2 43. Qxa2 Rxd6 44. Qa8+  1-0

[Event "2. Bundesliga Ost 2018/2019"]
[Site "alle Wien"]
[Date "2019.01.12"]
[Round "6"]
[Board "5"]
[White "Leitner, Gerald"]
[Black "Vrana, Frantisek"]
[Result "0-1"]
[WhiteElo "2103"]
[BlackElo "2252"]
[PlyCount "66"]
[EventDate "2018.10.06"]
[EventType "team"]
[EventRounds "11"]
[EventCountry "AUT"]
[WhiteTeam "tschaturanga"]
[BlackTeam "SG Mistelbach/Altlichtenwarth"]

1. d4 f5 2. Nf3 Nf6 3. g3 g6 4. Bg2 Bg7 5. O-O O-O 6. c4 d6 7. Nc3 c6 8. Re1
Qc7 9. d5 Na6 10. Nd4 Bd7 11. h3 Rae8 12. Rb1 e5 13. dxe6 Bxe6 14. Nxe6 Rxe6
15. b4 Nd7 16. Qb3 Rfe8 17. Bb2 Ne5 18. Ba1 f4 19. gxf4 Nd3 20. Red1 Nxf4 21.
Bf1 Qe7 22. Kh1 Qh4 23. c5 d5 24. Na4 Qxf2 25. Qf3 Qh4 26. Bxg7 Kxg7 27. Rd4
Re4 28. Rxe4 Rxe4 29. a3 Nc7 30. e3 Nh5 31. Nc3 Re7 32. Bg2 Ne6 33. Rf1 Ng3+
 0-1

[Event "2. Bundesliga Ost 2018/2019"]
[Site "alle Wien"]
[Date "2019.01.12"]
[Round "6"]
[Board "6"]
[White "Pribitzer, Stefan"]
[Black "Devine, Christopher"]
[Result "0-1"]
[WhiteElo "2024"]
[BlackElo "2088"]
[PlyCount "70"]
[EventDate "2018.10.06"]
[EventType "team"]
[EventRounds "11"]
[EventCountry "AUT"]
[WhiteTeam "SG Mistelbach/Altlichtenwarth"]
[BlackTeam "tschaturanga"]

1. Nf3 Nf6 2. c4 g6 3. g3 Bg7 4. Bg2 O-O 5. O-O c6 6. Nc3 d6 7. d3 a5 8. Be3 e5
9. Qb3 Nbd7 10. Nd2 Ng4 11. Nde4 Nxe3 12. fxe3 f5 13. Nxd6 Nc5 14. Qa3 Qxd6 15.
Na4 b6 16. Nxb6 Ra6 17. Na4 Nb7 18. c5 Qe7 19. Rac1 Bh6 20. Rf3 Be6 21. Rcf1
Raa8 22. Qc3 Bd5 23. e4 fxe4 24. dxe4 Rxf3 25. exf3 Bxa2 26. f4 Bg7 27. f5 Bf7
28. g4 Rd8 29. Qe3 Bf6 30. fxg6 Bxg6 31. Bf3 Bg5 32. Qc3 Bf4 33. Be2 Bxe4 34.
Bc4+ Bd5 35. Bd3 Be3+  0-1

[Event "2. Bundesliga Ost 2018/2019"]
[Site "alle Wien"]
[Date "2019.01.12"]
[Round "6"]
[Board "1"]
[White "Schwarhofer, Christopher"]
[Black "Juhasz, Kristof"]
[Result "0-1"]
[WhiteElo "2379"]
[BlackElo "2410"]
[PlyCount "56"]
[EventDate "2018.10.06"]
[EventType "team"]
[EventRounds "11"]
[EventCountry "AUT"]
[WhiteTeam "Blackburne Nickelsdorf"]
[BlackTeam "SK Sparkasse Bad Voeslau"]

1. e4 d6 2. d4 Nf6 3. Nc3 e5 4. dxe5 dxe5 5. Qxd8+ Kxd8 6. Bg5 Be6 7. O-O-O+
Kc8 8. Nf3 Nbd7 9. a3 a6 10. Bh4 h6 11. Be2 b5 12. Bxf6 gxf6 13. Nh4 c6 14. h3
h5 15. Nf5 a5 16. Kb1 Nc5 17. Bd3 b4 18. axb4 axb4 19. Ne2 Rg8 20. g3 Ba2+ 21.
Kc1 Kc7 22. Kd2 Be6 23. Ne3 Bh6 24. f4 Rgd8 25. Ke1 Ra2 26. Rb1 Nxd3+ 27. cxd3
Rxd3 28. Nc2 Rb3  0-1

[Event "2. Bundesliga Ost 2018/2019"]
[Site "alle Wien"]
[Date "2019.01.12"]
[Round "6"]
[Board "2"]
[White "Plachetka, Jan"]
[Black "Lendwai, Reinhard"]
[Result "1/2-1/2"]
[WhiteElo "2305"]
[BlackElo "2383"]
[PlyCount "65"]
[EventDate "2018.10.06"]
[EventType "team"]
[EventRounds "11"]
[EventCountry "AUT"]
[WhiteTeam "SK Sparkasse Bad Voeslau"]
[BlackTeam "Blackburne Nickelsdorf"]

1. d4 Nf6 2. Nf3 d5 3. c4 c6 4. e3 Bg4 5. Nc3 e6 6. Qb3 Qb6 7. Bd2 Nbd7 8. Be2
Be7 9. h3 Bh5 10. O-O Ne4 11. Qc2 Bxf3 12. Bxf3 Nxd2 13. Qxd2 dxc4 14. Be2 O-O
15. Bxc4 Rfd8 16. Qc2 Nf6 17. Rfd1 Rd7 18. a3 a6 19. b4 Qd8 20. Be2 Qf8 21. Na4
Rad8 22. Rab1 Bd6 23. Nb6 Re7 24. Nc4 e5 25. dxe5 Bxe5 26. Rxd8 Qxd8 27. Rd1
Qb8 28. Nxe5 Qxe5 29. Rd8+ Re8 30. Rd4 g6 31. Bc4 Re7 32. Bb3 Kg7 33. Qc4
 1/2-1/2

[Event "2. Bundesliga Ost 2018/2019"]
[Site "alle Wien"]
[Date "2019.01.12"]
[Round "6"]
[Board "3"]
[White "Bachofner, Andreas"]
[Black "Wilke, Werner"]
[Result "1-0"]
[WhiteElo "2184"]
[BlackElo "2223"]
[PlyCount "55"]
[EventDate "2018.10.06"]
[EventType "team"]
[EventRounds "11"]
[EventCountry "AUT"]
[WhiteTeam "Blackburne Nickelsdorf"]
[BlackTeam "SK Sparkasse Bad Voeslau"]

1. e4 c5 2. b3 Nc6 3. Bb2 e5 4. Bc4 d6 5. Nc3 Nf6 6. d3 Be7 7. Nge2 O-O 8. O-O
a6 9. a4 Nd4 10. Nd5 Be6 11. c3 Nxe2+ 12. Qxe2 Nxd5 13. exd5 Bd7 14. d4 exd4
15. cxd4 cxd4 16. Bxd4 Bf6 17. Qb2 Bxd4 18. Qxd4 Re8 19. Rfe1 Qa5 20. Rxe8+
Rxe8 21. Bf1 Re5 22. Rd1 g6 23. h3 Bf5 24. g4 Bc2 25. Rc1 Be4 26. Rc8+ Kg7 27.
f4 Qe1 28. Rc3  1-0

[Event "2. Bundesliga Ost 2018/2019"]
[Site "alle Wien"]
[Date "2019.01.12"]
[Round "6"]
[Board "4"]
[White "Miazhynski, Yuri"]
[Black "Kuntner, Reinhard"]
[Result "1/2-1/2"]
[WhiteElo "2151"]
[BlackElo "2024"]
[PlyCount "114"]
[EventDate "2018.10.06"]
[EventType "team"]
[EventRounds "11"]
[EventCountry "AUT"]
[WhiteTeam "SK Sparkasse Bad Voeslau"]
[BlackTeam "Blackburne Nickelsdorf"]

1. c4 e5 2. e3 Nf6 3. Nc3 d6 4. g3 g6 5. Bg2 Bg7 6. Nge2 Nc6 7. Rb1 a5 8. a3
O-O 9. b4 axb4 10. axb4 Bf5 11. d3 Qc8 12. b5 Ne7 13. O-O Bh3 14. e4 Bxg2 15.
Kxg2 h6 16. f3 c6 17. Be3 Qd7 18. Qd2 Kh7 19. d4 exd4 20. Nxd4 c5 21. Nde2 Qe6
22. Qd3 Ra3 23. Bc1 Ra7 24. Nf4 Qd7 25. Rd1 Rd8 26. Rb2 Ne8 27. Rbd2 Rda8 28.
Bb2 Kg8 29. Nfd5 Nxd5 30. Nxd5 Qd8 31. Bxg7 Nxg7 32. Qc3 Ne8 33. Qe3 Kh7 34. e5
dxe5 35. Qxe5 Ra2 36. Qe2 Rxd2 37. Rxd2 Nf6 38. Qe5 Nxd5 39. Qxd5 Qe7 40. Qd7
Qxd7 41. Rxd7 Kg7 42. Rxb7 Ra4 43. Rc7 Rxc4 44. Kf2 Rc2+ 45. Ke3 Rxh2 46. Rxc5
Rb2 47. Kd4 h5 48. Kd5 g5 49. Kc6 Kg6 50. b6 h4 51. gxh4 gxh4 52. Rc4 h3 53.
Rh4 h2 54. b7 Rc2+ 55. Kd7 Rd2+ 56. Kc7 Rc2+ 57. Kd7 Rd2+  1/2-1/2

[Event "2. Bundesliga Ost 2018/2019"]
[Site "alle Wien"]
[Date "2019.01.12"]
[Round "6"]
[Board "5"]
[White "Bachofner, Christian"]
[Black "Steiner, Bruno"]
[Result "0-1"]
[WhiteElo "2012"]
[BlackElo "2075"]
[PlyCount "65"]
[EventDate "2018.10.06"]
[EventType "team"]
[EventRounds "11"]
[EventCountry "AUT"]
[WhiteTeam "Blackburne Nickelsdorf"]
[BlackTeam "SK Sparkasse Bad Voeslau"]

1. e4 e5 2. Nf3 Nc6 3. Nc3 Nf6 4. g3 d5 5. exd5 Nxd5 6. Bg2 Nxc3 7. bxc3 Bc5 8.
d3 O-O 9. O-O f6 10. Qe2 Bb6 11. a4 Re8 12. Nd2 Be6 13. Ne4 f5 14. Ng5 Bd5 15.
Re1 Bxg2 16. Kxg2 h6 17. Nh3 Qd5+ 18. f3 Rad8 19. Be3 Ba5 20. c4 Qf7 21. Reb1
e4 22. fxe4 fxe4 23. Rf1 exd3 24. cxd3 Qe7 25. Qf3 Qxe3 26. Qf7+ Kh8 27. Nf4
Ne5 28. Qf5 Rd6 29. Rab1 Nxd3 30. Qxa5 Nxf4+ 31. Rxf4 Rd2+ 32. Kh3 Qe2 33. Rh1
 0-1

[Event "2. Bundesliga Ost 2018/2019"]
[Site "alle Wien"]
[Date "2019.01.12"]
[Round "6"]
[Board "6"]
[White "Juhasz, Agoston"]
[Black "Gratze, Michael"]
[Result "1-0"]
[WhiteElo "2174"]
[BlackElo "1956"]
[PlyCount "87"]
[EventDate "2018.10.06"]
[EventType "team"]
[EventRounds "11"]
[EventCountry "AUT"]
[WhiteTeam "SK Sparkasse Bad Voeslau"]
[BlackTeam "Blackburne Nickelsdorf"]

1. e4 e6 2. d4 d5 3. Bd3 dxe4 4. Bxe4 Nf6 5. Bf3 c5 6. Ne2 Nc6 7. Be3 cxd4 8.
Nxd4 Ne5 9. O-O Be7 10. Nc3 O-O 11. Be2 Qc7 12. Ndb5 Qb8 13. h3 Rd8 14. Qe1 a6
15. Nd4 Qc7 16. Rd1 b5 17. Bf4 Bb7 18. Bg3 Rxd4 19. Rxd4 Qc6 20. f3 Ng6 21. Kh1
Bc5 22. Rd3 Nh5 23. Ne4 Ngf4 24. Bxf4 Nxf4 25. Rc3 Bb4 26. Rxc6 Bxe1 27. Rc7
Bxe4 28. Rxe1 Bd5 29. c4 bxc4 30. Bxc4 h5 31. Rc1 Kh7 32. Rxf7 Bxc4 33. Rxc4
Nd5 34. Rc6 Kg8 35. Rb7 Re8 36. Rxa6 Rc8 37. Raa7 Rc1+ 38. Kh2 Ne3 39. Rxg7+
Kf8 40. Rgf7+ Kg8 41. Kg3 Rc2 42. Rfb7 Rxg2+ 43. Kf4 Nd5+ 44. Ke5  1-0

[Event "2. Bundesliga Ost 2018/2019"]
[Site "alle Wien"]
[Date "2019.01.12"]
[Round "6"]
[Board "1"]
[White "Benkoe, Markus"]
[Black "Schwarz, Dusan"]
[Result "1/2-1/2"]
[WhiteElo "2000"]
[BlackElo "2293"]
[PlyCount "67"]
[EventDate "2018.10.06"]
[EventType "team"]
[EventRounds "11"]
[EventCountry "AUT"]
[WhiteTeam "DeLaVie Oberwart - www.trink-vitamine.at"]
[BlackTeam "Wiener Amateurschachklub"]

1. d4 d5 2. c4 c6 3. e3 Nf6 4. Nc3 e6 5. Nf3 Nbd7 6. Bd3 dxc4 7. Bxc4 b5 8. Bd3
a6 9. e4 c5 10. d5 c4 11. Bc2 Qc7 12. O-O Bb7 13. dxe6 fxe6 14. Ng5 Nc5 15. f4
h6 16. e5 hxg5 17. Bg6+ Ke7 18. exf6+ gxf6 19. h3 Bg7 20. Qe2 Rad8 21. fxg5 Nd3
22. gxf6+ Bxf6 23. Ne4 Bxe4 24. Qxe4 Qc5+ 25. Be3 Qd5 26. Qxd5 Rxd5 27. Be4 Bd4
28. Bxd4 Rxd4 29. Bxd3 cxd3 30. Kf2 e5 31. Ke3 Rhh4 32. Kd2 e4 33. Rac1 Rc4 34.
b3  1/2-1/2

[Event "2. Bundesliga Ost 2018/2019"]
[Site "alle Wien"]
[Date "2019.01.12"]
[Round "6"]
[Board "2"]
[White "Danada, Tomas"]
[Black "Ziegner, Markus"]
[Result "1-0"]
[WhiteElo "2250"]
[BlackElo "2121"]
[PlyCount "71"]
[EventDate "2018.10.06"]
[EventType "team"]
[EventRounds "11"]
[EventCountry "AUT"]
[WhiteTeam "Wiener Amateurschachklub"]
[BlackTeam "DeLaVie Oberwart - www.trink-vitamine.at"]

1. d4 d5 2. c4 e6 3. Nf3 a6 4. cxd5 exd5 5. Nc3 Nf6 6. Bg5 Be7 7. Qc2 O-O 8. e3
h6 9. Bh4 Be6 10. Bd3 Nbd7 11. O-O Nh5 12. Bxe7 Qxe7 13. Rfc1 c6 14. b4 b5 15.
a4 Nb6 16. Ne5 Rfc8 17. Bh7+ Kh8 18. e4 Qxb4 19. a5 Nc4 20. Nxc6 Rxc6 21. exd5
Rcc8 22. dxe6 fxe6 23. Be4 Rab8 24. Bf3 Nf6 25. Ne2 Nd6 26. Qa2 Rxc1+ 27. Rxc1
Nc4 28. Nf4 Qxa5 29. Qxa5 Nxa5 30. Nxe6 b4 31. Nc5 b3 32. Rb1 Rb4 33. Kf1 b2
34. Be2 Nb3 35. Rxb2 Rxd4 36. Rxb3  1-0

[Event "2. Bundesliga Ost 2018/2019"]
[Site "alle Wien"]
[Date "2019.01.12"]
[Round "6"]
[Board "3"]
[White "Gaal, Zsoka"]
[Black "Kleman, Miroslav"]
[Result "1/2-1/2"]
[WhiteElo "1976"]
[BlackElo "2256"]
[PlyCount "56"]
[EventDate "2018.10.06"]
[EventType "team"]
[EventRounds "11"]
[EventCountry "AUT"]
[WhiteTeam "DeLaVie Oberwart - www.trink-vitamine.at"]
[BlackTeam "Wiener Amateurschachklub"]

1. Nf3 Nf6 2. g3 Nc6 3. d4 d5 4. Bg2 Bf5 5. O-O h6 6. c4 e6 7. Nc3 Be7 8. Ne5
O-O 9. Bf4 Na5 10. Qa4 c6 11. c5 b5 12. Qb4 Ng4 13. e4 Nxe5 14. Bxe5 Bg6 15. a4
a6 16. axb5 axb5 17. b3 Nb7 18. Nxb5 Rxa1 19. Rxa1 cxb5 20. Qxb5 dxe4 21. Qxb7
f6 22. Bd6 Bxd6 23. cxd6 Qxd6 24. Ra7 Rf7 25. Qa8+ Rf8 26. Qb7 Rf7 27. Qa8+ Rf8
28. Qb7 Rf7  1/2-1/2

[Event "2. Bundesliga Ost 2018/2019"]
[Site "alle Wien"]
[Date "2019.01.12"]
[Round "6"]
[Board "4"]
[White "Frindt, Kornel"]
[Black "Koller, David"]
[Result "1-0"]
[WhiteElo "2217"]
[BlackElo "1584"]
[PlyCount "49"]
[EventDate "2018.10.06"]
[EventType "team"]
[EventRounds "11"]
[EventCountry "AUT"]
[WhiteTeam "Wiener Amateurschachklub"]
[BlackTeam "DeLaVie Oberwart - www.trink-vitamine.at"]

1. e4 d5 2. exd5 Qxd5 3. Nc3 Qa5 4. Bc4 Nf6 5. d3 c6 6. Bd2 Bf5 7. Qe2 Nbd7 8.
Nb5 Qb6 9. Nd6+ Kd8 10. Nxf7+ Ke8 11. O-O-O Ng4 12. Nd6+ Kd8 13. Nxf5 e5 14.
Qxg4 Nc5 15. Bg5+ Kc7 16. d4 Na4 17. Bb3 Qb4 18. a3 Qb5 19. Nf3 a5 20. dxe5 Nc3
21. N3d4 Qb6 22. Ne6+ Kb8 23. Rd8+ Ka7 24. Be3 c5 25. Rxf8  1-0